Catálogo

PROYECTOS GANADEROS : (Registro nro. 55841)

Detalles MARC
000 -LEADER
fixed length control field 01072nam a2200205 a 4500
001 - CONTROL NUMBER
control field 55841
005 - DATE AND TIME OF LATEST TRANSACTION
control field 20180714051326.0
008 - FIXED-LENGTH DATA ELEMENTS--GENERAL INFORMATION
fixed length control field 140415s2009 mx 000 0 spa d
020 ## - INTERNATIONAL STANDARD BOOK NUMBER
International Standard Book Number 9786074480160
041 ## - LANGUAGE CODE
Language code of text/sound track or separate title spa
082 ## - DEWEY DECIMAL CLASSIFICATION NUMBER
Classification number 636.007
Item number TRU
100 1# - MAIN ENTRY--PERSONAL NAME
Personal name TRUETA SANTIAGO, RAFAEL
245 10 - TITLE STATEMENT
Title PROYECTOS GANADEROS :
Remainder of title TEORIA Y PRACTICA
250 ## - EDITION STATEMENT
Edition statement 1a ed.
260 ## - PUBLICATION, DISTRIBUTION, ETC.
Place of publication, distribution, etc. MEXICO :
Name of publisher, distributor, etc. MANUAL MODERNO,
Date of publication, distribution, etc. 2009
300 ## - PHYSICAL DESCRIPTION
Extent 378
Dimensions 21 x 1.4 x 27.5
520 ## - SUMMARY, ETC.
Summary, etc. LA CREACION DE UN PROYECTO ES ESENCIAL CUANDO SE ESTA EVALUANDO EL POTENCAIL DE UN NEGOCIO O CUANDO SE PIDE UN FINANCIAMIENTO. PROYECTOS GANADEROS. TEORIA Y PRACTICA, ES UNA OBRA ORIGINAL QUE APORTA INFORMACION TEORICA, CONCEPTUAL Y METODOLOGICA DE ALTO VALOR ACADEMICO Y TECNICO. ASIMISMO, PROPORCIONA HERRAMIENTAS CONCEPTUALES, ASI COMO EJEMPLOS DE APLICACION DE GRAN UTILIDAD PARA LA FORMULACION Y EVALUACION DE PROYECTOS GANADEROS.
650 14 - SUBJECT ADDED ENTRY--TOPICAL TERM
Topical term or geographic name entry element GANADERIA
General subdivision PROYECTOS
-- DESARROLLO AGRICOLA
-- INVESTIGACION
-- METODOLOGIA
-- GANADERIA
-- EVALUACION
700 1# - ADDED ENTRY--PERSONAL NAME
Personal name GONZALEZ PADILLA, EVERARDO
Relator term pról.
Existencias
Withdrawn status Lost status Source of classification or shelving scheme Damaged status Not for loan Collection code Home library Current library Shelving location Date acquired Source of acquisition Inventory number Total Checkouts Full call number Barcode Date last seen Date last checked out Price effective from Koha item type
    Dewey Decimal Classification     General Biblioteca Karol Wojtyla Biblioteca Karol Wojtyla Sala general 03/12/2013 Compra 151000000000000000011369   636.007 TRU 83922 05/01/2026 15/10/2016 03/12/2013 Libro